000 00479nam a2200133 4500
999 _c9267
_d9267
008 180426b ||||| |||| 00| 0 eng d
082 _aDPer 050 Dec 2015-Mar 2016 T48 v186-187
100 _927610
_aShuster, Simon.
245 _aA divided Europe closes its borders to refugees/
_cSimon Shuster.
260 _aNew York:
_bTime Inc.,
_c©Dec 2015-Mar 2016.
300 _av187 n10, pages 10-11:
_billustrations;
_c27 cm.
650 0 _927611
_aRefugees
_yEurope.
942 _2ddc
_cPER